Principios digitales

Guardat en:
Dades bibliogràfiques
Autor principal: Tokheim, Roger L (Autor)
Format: Llibre
Idioma:espanyol
Publicat: Madrid McGraw Hill 1995
Edició:2a. ed
Col·lecció:Schaum
Matèries:
Etiquetes: Afegir etiqueta
Sense etiquetes, Sigues el primer a etiquetar aquest registre!

MARC

LEADER 00000nam a2200000 a 4500
001 UCO3285
003 CL-VaPUC
008 000720e19950000SP |||||||||||||||||spa|d
082 0 4 |a 621.381  |b TOK  |2 21 
100 0 |a Tokheim, Roger L  |e author  |9 447325 
245 1 0 |a Principios digitales 
250 |a 2a. ed 
300 |a 402 p 
942 |c BK 
945 |d 20000720 00:00:00  |a vberengu 
260 |a Madrid  |b McGraw Hill  |c 1995 
650 0 |a Circuitos integrados   |9 260673 
650 0 |a Circuitos lógicos   |9 263161 
650 0 |a Electrónica digital   |9 263160 
583 |a last modification  |c 20000720 00:00:00  |k Rodrigo Vera 
490 0 |a Schaum 
999 |c 289751  |d 289749 
952 |0 0  |1 0  |2 ddc  |4 0  |6 621_381000000000000_TOK_1995  |7 0  |8 A  |9 338398  |a BIBING  |b BIBING  |c RES  |d 2019-11-20  |i 3632679  |o 621.381 TOK 1995  |p 3632679  |r 2025-01-20  |w 2019-11-20  |y BK  |k ING 
952 |0 0  |1 0  |2 ddc  |4 0  |6 621_381000000000000_TOK_1995  |7 0  |8 A  |9 338399  |a BIBING  |b BIBING  |c RES  |d 2019-11-20  |i 3632687  |o 621.381 TOK 1995  |p 3632687  |r 2025-01-20  |w 2019-11-20  |y BK  |k ING 
952 |0 0  |1 0  |2 ddc  |4 0  |6 621_381000000000000_TOK_1995  |7 0  |8 A  |9 338400  |a BIBING  |b BIBING  |c RES  |d 2019-11-20  |i 3632695  |o 621.381 TOK 1995  |p 3632695  |r 2025-01-20  |w 2019-11-20  |y BK  |k ING 
952 |0 0  |1 0  |2 ddc  |4 0  |6 621_381000000000000_TOK_1995  |7 0  |8 A  |9 338401  |a BIBING  |b BIBING  |c RES  |d 2019-11-20  |i 3678172  |o 621.381 TOK 1995  |p 3678172  |r 2025-01-20  |w 2019-11-20  |y BK  |k EIE 
952 |0 0  |1 0  |2 ddc  |4 0  |6 621_381000000000000_TOK_1995  |7 0  |8 A  |9 338402  |a BIBING  |b BIBING  |c RES  |d 2019-11-20  |i 3678180  |o 621.381 TOK 1995  |p 3678180  |r 2025-01-20  |w 2019-11-20  |y BK  |k EIE 
952 |0 0  |1 0  |2 ddc  |4 0  |6 621_381000000000000_TOK_1995  |7 0  |8 A  |9 338403  |a BIBING  |b BIBING  |c RES  |d 2019-11-20  |i 3678199  |o 621.381 TOK 1995  |p 3678199  |r 2025-01-20  |w 2019-11-20  |y BK  |k EIE 
952 |0 0  |1 0  |2 ddc  |4 0  |6 621_381000000000000_TOK_1995  |7 0  |8 A  |9 338404  |a BIBING  |b BIBING  |c RES  |d 2019-11-20  |i 3678202  |o 621.381 TOK 1995  |p 3678202  |r 2025-01-20  |w 2019-11-20  |y BK  |k EIE 
952 |0 0  |1 0  |2 ddc  |4 0  |6 621_381000000000000_TOK_1995  |7 0  |8 A  |9 338405  |a BIBING  |b BIBING  |c RES  |d 2019-11-20  |i 3678210  |o 621.381 TOK 1995  |p 3678210  |r 2025-01-20  |w 2019-11-20  |y BK  |k EIE 
952 |0 0  |1 0  |2 ddc  |4 0  |6 621_381000000000000_TOK_1995  |7 0  |8 A  |9 338406  |a BIBING  |b BIBING  |c RES  |d 2019-11-20  |i 3678229  |o 621.381 TOK 1995  |p 3678229  |r 2025-01-20  |w 2019-11-20  |y BK  |k EIE 
952 |0 0  |1 0  |2 ddc  |4 0  |6 621_381000000000000_TOK_1995  |7 0  |8 A  |9 338407  |a BIBING  |b BIBING  |c RES  |d 2019-11-20  |i 3678237  |o 621.381 TOK 1995  |p 3678237  |r 2025-01-20  |w 2019-11-20  |y BK  |k EIE